| 000 | 00685nam a2200181Ia 4500 | ||
|---|---|---|---|
| 008 | 090630s9999 xx 000 0 und d | ||
| 082 | _b14894 | ||
| 100 | _aदेशपांडे कृ. पं. | ||
| 245 |
_aप्रतिज्ञा पूर्ती. _cदेशपांडे कृ. पं. |
||
| 260 |
_bज्ञानगंगा - पुणे. _c1994 |
||
| 300 | _a82 | ||
| 600 | _aदेशपांडे कृ. पं. | ||
| 630 | _aप्रतिज्ञा पूर्ती. | ||
| 655 | _aबालवाङमय. | ||
| 700 | _aदेशपांडे कृ. पं. | ||
| 730 | _aप्रतिज्ञा पूर्ती. | ||
| 942 | _cBOOK | ||
| 999 |
_c266750 _d266750 |
||